00619nam a2200169 a 450000100100000000500170001000800410002702000150006804000250008308200130010810000340012124500780015526000670023330000210030095201110032199900170043200004264520201002040309.0140203s1995 sp 000 0 spa d a8422653907 aDO-SdBNPbspacBNPHU axxxbxxx1 aMoran, Fernandod1926-93242910aBloc de notas :banálisis, esperanzas y nostalgias /cFernando Morán. aBarcelona :bGalaxia Gutenberg,bCírculo de Lectores,c1995. a407 p. ;c23 cm. 001050718MOaGRbGRcCTd2014-02-03iLF1l0oxxx xxxp42645-10r2020-06-25w2020-06-25y1ZNo se presta c42134d42134